|
|
|
|
| LEADER |
00000naa2a2200000 4500 |
| 001 |
428444 |
| 005 |
20231101074830.0 |
| 035 |
|
|
|a (RuTPU)RU\TPU\prd\87985
|
| 035 |
|
|
|a RU\TPU\prd\20160
|
| 090 |
|
|
|a 428444
|
| 100 |
|
|
|a 20101013a2003 k y0rusy50 ca
|
| 101 |
0 |
|
|a rus
|
| 102 |
|
|
|a RU
|
| 200 |
1 |
|
|a Повышение точности неразрушающего электромагнитного метода определения прочности композиционных диэлектрических материалов
|f Т. В. Фурса, В. А. Асанов, А. В. Савельев
|
| 225 |
1 |
|
|a Магнитные и вихретоковые методы
|
| 320 |
|
|
|a Библиогр.: 5 назв.
|
| 461 |
|
1 |
|0 (RuTPU)RU\TPU\prd\151
|t Дефектоскопия
|d 1965-
|
| 463 |
|
1 |
|0 (RuTPU)RU\TPU\prd\87976
|t № 8
|v С. 85-92
|d 2003
|
| 610 |
1 |
|
|a неразрушающий электромагнитный метод
|
| 610 |
1 |
|
|a точность
|
| 610 |
1 |
|
|a диэлектрические материалы
|
| 610 |
1 |
|
|a ударное возбуждение
|
| 610 |
1 |
|
|a электромагнитный отклик
|
| 610 |
1 |
|
|a повышение
|
| 610 |
1 |
|
|a поверхностные заряды
|
| 675 |
|
|
|a 539.4:538.3
|v 3
|
| 700 |
|
1 |
|a Фурса
|b Т. В.
|c специалист в области неразрушающего контроля
|c ведущий научный сотрудник Томского политехнического университета, доктор технических наук
|f 1951-
|g Татьяна Викторовна
|2 stltpush
|3 (RuTPU)RU\TPU\pers\27723
|
| 701 |
|
1 |
|a Асанов
|b В. А.
|
| 701 |
|
1 |
|a Савельев
|b А. В.
|
| 801 |
|
1 |
|a RU
|b 63413507
|c 20031202
|g PSBO
|
| 801 |
|
2 |
|a RU
|b 63413507
|c 20150619
|g RCR
|
| 942 |
|
|
|c BK
|